| 000 | 00430nam a22001697a 4500 | ||
|---|---|---|---|
| 003 | NUST - PNEC | ||
| 005 | 20170116180912.0 | ||
| 008 | 150903b xxu||||| |||| 00| 0 eng d | ||
| 020 | _a0023223200 | ||
| 040 | _cLIBRARY | ||
| 082 | _a620.112 CHE | ||
| 100 |
_97122 _aCheng, Fa-Hwa |
||
| 245 |
_aApplied Strength of materials _cFa-Hwa Cheng |
||
| 260 | _cc.1985 | ||
| 650 |
_97131 _aMechanical Engineering _xME |
||
| 942 |
_2ddc _cBK |
||
| 999 |
_c65305 _d65305 |
||